| 000 | 00492nam a2200205Ia 4500 | ||
|---|---|---|---|
| 003 | GCL | ||
| 008 | 140319s9999 xx 000 0 eng d | ||
| 040 |
_aGCL / _cGCL |
||
| 082 | 0 | 4 |
_a892.734 _bN H |
| 100 | 1 | _aNYKI A.R. | |
| 245 | 1 | 0 |
_aHISPANO-ARABIC POETRY / _cNYKI A.R. |
| 260 |
_a[S.N] : _bJ . H .FURST COMPANY ، _c1946 |
||
| 300 | _a416 P | ||
| 650 | 0 | 4 | _aSPAIN |
| 650 | 0 | 4 | _aPOETRY |
| 650 | 0 | 4 | _aARABIC POETRY |
| 650 | 0 | 4 | _aAL ANDALUS |
| 650 | 0 | 4 | _aTROUBADOURS |
| 942 |
_2ddc _cBK |
||
| 999 |
_c17190 _d17190 |
||